|
|
|
|
| LEADER |
00000nam0a2200000 4500 |
| 001 |
259123 |
| 005 |
20231101233346.0 |
| 020 |
|
|
|a RU
|b 88-14885
|
| 035 |
|
|
|a (RuTPU)RU\TPU\book\282035
|
| 090 |
|
|
|a 259123
|
| 100 |
|
|
|a 20140505d1987 m y0rusy5003 ca
|
| 101 |
0 |
|
|a rus
|
| 102 |
|
|
|a RU
|
| 105 |
|
|
|a a j 001zy
|
| 200 |
1 |
|
|a Элементы моделирования параллельных процессов в гибких производственных системах
|e учебное пособие
|f Г. В. Новожилов, В. Г. Крайний
|g Ленинградский государственный университет (ЛГУ)
|
| 210 |
|
|
|a Ленинград
|c Изд-во ЛГУ
|d 1987
|
| 215 |
|
|
|a 80 с.
|c ил.
|
| 320 |
|
|
|a Библиогр.: с. 77-78 (23 назв.).
|
| 606 |
1 |
|
|a Автоматизированные линии
|x Моделирование
|2 stltpush
|3 (RuTPU)RU\TPU\subj\64835
|9 81562
|
| 610 |
1 |
|
|a гибкие производственные системы
|
| 610 |
1 |
|
|a математическое моделирование
|
| 610 |
1 |
|
|a ГПС
|
| 610 |
1 |
|
|a параллельные процессы
|
| 610 |
1 |
|
|a интегрированные системы
|
| 610 |
1 |
|
|a интегрированные САПР
|
| 610 |
1 |
|
|a АСНИ
|
| 610 |
1 |
|
|a АСУП
|
| 610 |
1 |
|
|a автоматизированные системы управления
|
| 610 |
1 |
|
|a автоматизированные системы управления предприятиями
|
| 610 |
1 |
|
|a базы данных
|
| 610 |
1 |
|
|a учебные пособия
|
| 675 |
|
|
|a 658.52.011.56(075.80
|z rus
|v 3
|
| 700 |
|
1 |
|a Новожилов
|b Г. В.
|g Геннадий Владимирович
|
| 701 |
|
1 |
|a Крайний
|b В. Г.
|g Валерий Григорьевич
|
| 712 |
0 |
2 |
|a Ленинградский государственный университет (ЛГУ)
|c (1924-1991)
|2 stltpush
|3 (RuTPU)RU\TPU\col\77
|
| 801 |
|
0 |
|a RU
|b RuMRKP
|c 19950417
|g psbo
|
| 801 |
|
1 |
|a RU
|b 63413507
|c 20140505
|
| 801 |
|
2 |
|a RU
|b 63413507
|c 20141111
|g RCR
|
| 942 |
|
|
|c BK
|